[Event "40. Turnaj sachovych nadeji - Pobeskydi Open"]
[Site "ND Frydek-Mistek, Czech Republic"]
[Date "2019.04.19"]
[Round "3"]
[White "Jirousek, Tadeas"]
[Black "Babula, Vlastimil"]
[Result "0-1"]
[WhiteElo "1834"]
[BlackElo "2074"]
[PlyCount "0"]
[EventDate "2019.04.18"]

1. e4 c5 2. c4 Nc6 3. Nc3 g6 4. g3 Bg7 5. Bg2 d6 6. Nge2 e6 7. O-O Nge7 8. d3
O-O 9. Be3 Nd4 10. Rb1 Nec6 11. a3 a6 12. b4 Re8 13. f4 Qc7 14. bxc5 dxc5 15.
e5 Nxe2+ 16. Qxe2 b6 17. Ne4 Rd8 18. Rfd1 Rb8 19. Qb2 Nd4 20. Bxd4 Rxd4 21. a4
Bd7 22. a5 b5 23. Qa1 b4 24. Rb3 Qa7 25. Kf1 h5 26. Qb2 Qc7 27. Qa1 Bc6 28. Kf2
Ba8 29. Ke3 Rbd8 30. Bf3 Bb7 31. Qa4 Bf8 32. Qa1 Be7 33. Rd2 Bc6 34. Ra2 Qd7
35. Rd2 Bxe4 36. Bxe4 Rxc4 37. Qb2 Rd4 38. Qc1 c4 39. Rb1 Bc5 0-1

[Event "40. Turnaj sachovych nadeji - Pobeskydi Open"]
[Site "ND Frydek-Mistek, Czech Republic"]
[Date "2019.04.19"]
[Round "4"]
[White "Burdalev, Kirill"]
[Black "Walek, Petr"]
[Result "1-0"]
[WhiteElo "2389"]
[BlackElo "2241"]
[PlyCount "0"]
[EventDate "2019.04.18"]

1. d4 Nf6 2. Nf3 g6 3. c4 Bg7 4. g3 O-O 5. Bg2 d6 6. Nc3 Nbd7 7. O-O e5 8. e4
exd4 9. Nxd4 Re8 10. h3 a6 11. Be3 Rb8 12. Qc2 Ne5 13. b3 c5 14. Nde2 b5 15.
cxb5 axb5 16. Rad1 Qc7 17. Nf4 Be6 18. Nxe6 Rxe6 19. a4 bxa4 20. bxa4 Rb4 21.
Nb5 Qb8 22. Rb1 Nc4 23. Bf4 Ne5 24. Rxb4 cxb4 25. Rb1 Nfd7 26. Rxb4 Nc5 27. Rb1
Qd8 28. Be3 Ned7 29. Bd2 Na6 30. Na3 Ndc5 31. Nb5 Qe7 32. Nc3 Qd7 33. a5 Nc7
34. Rb8+ Re8 35. Rxe8+ Qxe8 36. Ne2 Qb5 37. Nf4 Bd4 38. Bf1 Qb7 39. Bd3 Qa7 40.
Be1 Qb7 41. Qb1 Qa7 42. Bc4 Kg7 43. Nd5 N7e6 44. Kg2 Ng5 45. f4 Qd7 46. g4 Qa4
47. Qa2 Qd1 48. Qe2 Qa1 49. a6 Nge6 50. h4 Qa3 51. Bg3 Qa1 52. Bh2 Qa3 53. Bg3
Qa1 54. Be1 Qa3 55. Bd2 Qb2 56. f5 Nxe4 57. Bh6+ Kxh6 58. Qxb2 Bxb2 59. a7 1-0

[Event "40. Turnaj sachovych nadeji - Pobeskydi Open"]
[Site "ND Frydek-Mistek, Czech Republic"]
[Date "2019.04.19"]
[Round "4"]
[White "Petran, Peter"]
[Black "Bakalarz, Mietek"]
[Result "1-0"]
[WhiteElo "2242"]
[BlackElo "2268"]
[PlyCount "0"]
[EventDate "2019.04.18"]

1. Nf3 Nf6 2. g3 c5 3. Bg2 Nc6 4. O-O d5 5. d3 g6 6. Nbd2 Bg7 7. e4 O-O 8. c3
e5 9. Re1 Re8 10. Qb3 d4 11. cxd4 cxd4 12. Nc4 h6 13. Bd2 Bf8 14. Rec1 Rb8 15.
a4 Nd7 16. a5 Nc5 17. Qc2 Na6 18. Qd1 Kg7 19. Ne1 Bb4 20. Ra4 Bxd2 21. Qxd2 b5
22. axb6 axb6 23. Ra3 Qe7 24. f4 f6 25. Nxe5 Ncb4 26. N5f3 Rd8 27. Nc2 Nxc2 28.
Qxc2 Bb7 29. Qd2 Rbc8 30. Raa1 Nc5 31. Qd1 Ra8 32. Ne1 Rxa1 33. Rxa1 Ra8 34. h4
Rxa1 35. Qxa1 Ba6 36. Qa3 Qe6 37. Bf1 Qb3 38. Qxb3 Nxb3 39. Nc2 Kf7 40. Kf2 Ke7
41. Ke1 Kd6 42. Nb4 Bb7 43. Kd1 Kc5 44. Na2 b5 45. Nc1 Na5 46. Kc2 Bc8 47. Be2
Be6 48. Bf3 g5 49. Kd2 Kb6 50. Bd1 Kc5 51. Ne2 Nc6 52. Ng1 Ne7 53. fxg5 fxg5
54. hxg5 hxg5 55. Nf3 g4 56. Ne5 Kb4 57. Bxg4 Bxg4 58. Nxg4 Kb3 59. Kc1 Nc6 60.
Nf2 Kb4 61. Kc2 Kc5 62. Ng4 Kd6 63. Kd2 Ke6 64. Ke2 Nb4 65. Nh2 Na2 66. Nf3
Nc1+ 67. Kd2 Nb3+ 68. Kc2 Na1+ 69. Kd1 Nb3 70. Nd2 Nc5 71. Ke2 Na4 72. Nf3 Kd6
73. Nxd4 Kc5 74. Ne6+ Kb6 75. g4 Nxb2 76. g5 1-0

[Event "40. Turnaj sachovych nadeji - Pobeskydi Open"]
[Site "ND Frydek-Mistek, Czech Republic"]
[Date "2019.04.19"]
[Round "4"]
[White "Laurincova, Kristyna"]
[Black "Matras, Ondrej"]
[Result "1-0"]
[WhiteElo "2014"]
[BlackElo "2221"]
[PlyCount "0"]
[EventDate "2019.04.18"]

1. e4 e6 2. d4 d5 3. Nd2 a6 4. Bd3 c5 5. c3 Nc6 6. Ne2 cxd4 7. Nxd4 Nxd4 8.
cxd4 dxe4 9. Nxe4 Be7 10. O-O Nf6 11. Ng5 h6 12. Nf3 b5 13. Re1 Bb7 14. Bf4 Rc8
15. Be5 Bb4 16. Bxf6 gxf6 17. Re3 Be7 18. a4 b4 19. a5 Rg8 20. Qe2 Qd6 21. Re1
Kf8 22. Bc4 Bd5 23. Bd3 Bd8 24. Ra1 f5 25. Bxa6 Ra8 26. Bc4 Rxa5 27. Rxa5 Bxc4
28. Qxc4 Bxa5 29. Re5 Bd8 30. Rc5 Rg4 31. Qxb4 Kg7 32. Qb7 Re4 33. g3 Bf6 34.
Rc7 Rxd4 35. Rxf7+ Kg6 36. Nxd4 Qxd4 37. b4 f4 38. Rh7 f3 39. Qf7+ Kg5 40. h4+
Kg4 41. Qxe6+ Kh5 42. Qf5+ Bg5 43. Qxf3+ Kg6 44. Qf7# 1-0

[Event "40. Turnaj sachovych nadeji - Pobeskydi Open"]
[Site "ND Frydek-Mistek, Czech Republic"]
[Date "2019.04.19"]
[Round "4"]
[White "Horak, Jan"]
[Black "Stalmach, Richard"]
[Result "0-1"]
[WhiteElo "2158"]
[BlackElo "1991"]
[PlyCount "0"]
[EventDate "2019.04.18"]

1. d4 d6 2. e4 Nf6 3. Nc3 g6 4. f3 a6 5. Be3 b5 6. a3 Nbd7 7. Qd2 Bb7 8. g4 Nb6
9. Bh6 e6 10. O-O-O Qe7 11. h4 O-O-O 12. h5 gxh5 13. Bxf8 Rhxf8 14. g5 Nfd7 15.
Rxh5 f5 16. exf5 Rxf5 17. Bd3 Nc4 18. Qe2 Rxg5 19. Rxh7 Qf6 20. Ne4 Bxe4 21.
fxe4 Qxd4 22. Bxc4 Qxc4 23. Qxc4 bxc4 24. Nf3 Rg4 25. Nd4 Re8 26. Nc6 Nf6 27.
Rf7 Nxe4 28. Nb4 Nc5 29. Rh1 Kb7 30. Rhh7 Rc8 31. Rh6 Rcg8 32. Rhh7 Rc8 33. Rh6
Rg2 34. Rhh7 Rg1+ 35. Kd2 Ne4+ 36. Ke3 Ng5 37. Rfg7 Nxh7 38. Rxg1 Rf8 39. Rg7
Nf6 40. Kd4 Nh5 41. Rh7 Rf4+ 42. Ke3 Rf5 43. Re7 Nf4 44. Kd4 a5 45. Na2 Kc6 46.
Kxc4 Rc5+ 0-1

[Event "40. Turnaj sachovych nadeji - Pobeskydi Open"]
[Site "ND Frydek-Mistek, Czech Republic"]
[Date "2019.04.19"]
[Round "4"]
[White "Miculka, Petr"]
[Black "Havelka, Ondrej"]
[Result "0-1"]
[WhiteElo "2041"]
[BlackElo "2156"]
[PlyCount "0"]
[EventDate "2019.04.18"]

1. e4 e6 2. d3 d5 3. Nd2 Nf6 4. Ngf3 c5 5. g3 Nc6 6. Bg2 Be7 7. O-O O-O 8. Re1
b5 9. c3 Qc7 10. Qe2 b4 11. e5 Nd7 12. Nf1 a5 13. Bf4 a4 14. a3 bxc3 15. bxc3
Ba6 16. h4 Rfb8 17. N1h2 Rb3 18. c4 dxc4 19. dxc4 Nb6 20. Nd2 Rc3 21. Rec1
Rxc1+ 22. Rxc1 Rd8 23. Ne4 Nxe5 24. Qh5 Nbxc4 25. Rxc4 Bxc4 26. Bxe5 Qd7 27.
Ng4 f6 28. Bxf6 Qd1+ 29. Kh2 Bxf6 30. Nexf6+ gxf6 31. Be4 Kf8 32. Qh6+ Ke7 33.
Qxf6+ Kd7 34. Qg7+ Kd6 35. Qe5+ Kd7 36. Nf6+ Ke7 37. Nxh7 Qd4 38. Qg5+ Kd7 39.
Nf6+ Kc8 40. Qg7 Bd5 41. Bxd5 exd5 42. Qg4+ Qxg4 43. Nxg4 d4 44. f4 d3 45. Ne3
d2 46. h5 d1=Q 47. Nxd1 Rxd1 48. g4 c4 0-1

[Event "40. Turnaj sachovych nadeji - Pobeskydi Open"]
[Site "ND Frydek-Mistek, Czech Republic"]
[Date "2019.04.19"]
[Round "4"]
[White "Kratochvil, Vit"]
[Black "Gnojek, Petr"]
[Result "1-0"]
[WhiteElo "2228"]
[BlackElo "2016"]
[PlyCount "0"]
[EventDate "2019.04.18"]

1. e4 c5 2. Nf3 d6 3. d4 cxd4 4. Nxd4 Nf6 5. Nc3 e6 6. g4 h6 7. h3 Nc6 8. Bg2
Be7 9. Be3 a6 10. Qe2 Bd7 11. f4 Qc7 12. Nb3 O-O-O 13. Qf2 Rde8 14. Bb6 Qb8 15.
O-O-O Bd8 16. Na4 Bc7 17. Rd2 Rd8 18. Rhd1 Be8 19. e5 dxe5 20. Rxd8+ Nxd8 21.
Ba7 Qa8 22. Nb6+ Bxb6 23. Bxb6 Bc6 24. fxe5 Nd7 25. Bxc6 Nxb6 26. Bg2 Nd5 27.
Bxd5 exd5 28. Rxd5 b6 29. Rd6 Qh1+ 30. Rd1 Qb7 31. Nd4 Re8 32. Nf5 Qc6 33. Nd6+
Kc7 34. Nxe8+ Qxe8 35. Qd4 Nb7 36. Qc4+ Kb8 37. Qxa6 Kc7 38. Qc4+ Kb8 39. Qd4
Qe6 40. Qd5 Qg6 41. Rf1 Qg5+ 42. Kb1 f6 43. Qg8+ Ka7 44. exf6 Qb5 45. c4 Qd7
46. Qd5 1-0

[Event "40. Turnaj sachovych nadeji - Pobeskydi Open"]
[Site "ND Frydek-Mistek, Czech Republic"]
[Date "2019.04.19"]
[Round "4"]
[White "Vojta, Jakub"]
[Black "Barak, David"]
[Result "1-0"]
[WhiteElo "2094"]
[BlackElo "1979"]
[PlyCount "0"]
[EventDate "2019.04.18"]

1. d4 Nf6 2. Nc3 d5 3. Bg5 e6 4. e4 dxe4 5. Nxe4 Be7 6. Bxf6 Bxf6 7. Nf3 Nd7 8.
c3 Qe7 9. a4 O-O 10. Qc2 b6 11. a5 Bb7 12. Bd3 g6 13. a6 Bxe4 14. Bxe4 Rad8 15.
O-O c5 16. Rac1 Nb8 17. Qa4 Qd7 18. Qxd7 Rxd7 19. dxc5 bxc5 20. Bb7 Rd6 21. Ra1
Rb6 22. Rfb1 Rd8 23. Kf1 Rdd6 24. Ra5 Nd7 25. Ra3 c4 26. Ke2 Nc5 27. Nd2 Nxb7
28. Nxc4 Nc5 29. Nxd6 Rxd6 30. f3 Kf8 31. Rba1 Ke7 32. g3 Kd8 33. b4 Nd7 34.
Rd1 Rxd1 35. Kxd1 Kc7 36. Kc2 Kb6 37. c4 Nb8 38. Kb3 Nxa6 39. c5+ Kb7 40. Kc4
Nc7 41. b5 h5 42. f4 Be7 43. h3 a6 44. b6 Nd5 45. Rb3 a5 46. Kb5 Nb4 47. Rc3
Nd5 48. c6+ Kc8 49. c7 Nxc3+ 50. Kc6 1-0

[Event "40. Turnaj sachovych nadeji - Pobeskydi Open"]
[Site "ND Frydek-Mistek, Czech Republic"]
[Date "2019.04.19"]
[Round "4"]
[White "Novacek, Pavel"]
[Black "Adamczewski, Maciej"]
[Result "0-1"]
[WhiteElo "1934"]
[BlackElo "2086"]
[PlyCount "0"]
[EventDate "2019.04.18"]

1. e4 e6 2. d4 d5 3. e5 c5 4. c3 Nc6 5. Nf3 Bd7 6. Be2 f6 7. exf6 Nxf6 8. O-O
Bd6 9. c4 O-O 10. Nc3 Nxd4 11. Nxd4 cxd4 12. Qxd4 e5 13. Qd3 d4 14. Bf3 Bc6 15.
Ne4 Be7 16. Bd2 a5 17. Rfe1 Nd7 18. a3 a4 19. Bb4 Kh8 20. Rac1 Rf4 21. g3 Rf7
22. Bg2 h6 23. Rc2 Qf8 24. Rce2 Bxb4 25. axb4 Qxb4 26. Ra1 Rd8 27. Rc2 Re7 28.
Rf1 Bxe4 29. Bxe4 Qb3 30. Qd2 Nc5 31. Bd5 Qb6 32. Re1 Qf6 33. Be4 Red7 34. Kg2
d3 35. Rc3 Rd4 36. f3 Qd6 37. Bf5 Rf8 38. Be4 b6 39. Re3 Nxe4 40. fxe4 Qf6 41.
Kh3 Qf1+ 42. Kg4 Qf5+ 43. Kh4 g5+ 44. Kh5 Qh3+ 0-1

[Event "40. Turnaj sachovych nadeji - Pobeskydi Open"]
[Site "ND Frydek-Mistek, Czech Republic"]
[Date "2019.04.19"]
[Round "4"]
[White "Pilch, Roman"]
[Black "Kurek, Pavel"]
[Result "1-0"]
[WhiteElo "2148"]
[BlackElo "1665"]
[PlyCount "0"]
[EventDate "2019.04.18"]

1. Nf3 g6 2. c4 Bg7 3. Nc3 e5 4. g3 Nc6 5. Bg2 d6 6. d3 f5 7. Rb1 Nf6 8. O-O
O-O 9. Bd2 h6 10. b4 g5 11. b5 Ne7 12. Ne1 Qe8 13. Nd5 Nexd5 14. cxd5 Qh5 15.
Nc2 f4 16. e4 Bg4 17. f3 fxg3 18. hxg3 Bh3 19. Qe2 Bxg2 20. Kxg2 g4 21. fxg4
Nxg4 22. Rh1 Qg6 23. Rhf1 Rxf1 24. Rxf1 Rf8 25. Ne3 Rxf1 26. Qxf1 Nxe3+ 27.
Bxe3 1-0

[Event "40. Turnaj sachovych nadeji - Pobeskydi Open"]
[Site "ND Frydek-Mistek, Czech Republic"]
[Date "2019.04.19"]
[Round "4"]
[White "Nguyen, Thai Dai Vinh"]
[Black "Shilov, Sergej"]
[Result "0-1"]
[WhiteElo "1956"]
[BlackElo "2158"]
[PlyCount "0"]
[EventDate "2019.04.18"]

1. e4 g6 2. d4 Bg7 3. Nc3 d6 4. Be3 a6 5. Qd2 b5 6. O-O-O Bb7 7. f3 Nd7 8. Kb1
Rc8 9. d5 c6 10. dxc6 Bxc6 11. Bd4 Ngf6 12. g4 b4 13. Nd5 e5 14. Be3 O-O 15.
Nxb4 Bb7 16. Qxd6 Qa5 17. g5 Rfd8 18. Bh3 Bf8 19. Qd3 Qxb4 20. gxf6 Nc5 21.
Qxd8 Rxd8 22. Rxd8 Qe1+ 23. Bc1 Nxe4 24. fxe4 Bxe4 25. Bg4 Bxh1 26. Bd1 Qa5 27.
Rc8 Bb7 28. Re8 Bc6 29. Rc8 Bd7 30. Rb8 Qc7 31. Ra8 Bc6 32. Rxa6 Bb7 33. Ra4
Qd7 0-1

[Event "40. Turnaj sachovych nadeji - Pobeskydi Open"]
[Site "ND Frydek-Mistek, Czech Republic"]
[Date "2019.04.19"]
[Round "4"]
[White "Seddaoui, Yamine"]
[Black "Vantuch, Lucian"]
[Result "0-1"]
[WhiteElo "2158"]
[BlackElo "1964"]
[PlyCount "0"]
[EventDate "2019.04.18"]

1. e4 c5 2. Nf3 e6 3. d4 cxd4 4. Nxd4 a6 5. Nc3 Qc7 6. Qf3 Nf6 7. Bg5 Be7 8.
O-O-O d6 9. Qg3 Nbd7 10. Be2 b5 11. Bxf6 Nxf6 12. Bxb5+ axb5 13. Ndxb5 Qb8 14.
Nxd6+ Bxd6 15. Qxg7 Rg8 16. Qxf6 Bd7 17. Qd4 Bf4+ 18. Kb1 Qc7 19. Qf6 Bg5 20.
Qf3 Rb8 21. Rd3 Ke7 22. Rhd1 Rgd8 23. Re1 Kf8 24. e5 Qb6 25. b3 Bc6 26. Qe2
Rxd3 27. cxd3 Qd4 28. Qc2 Bf4 29. Ne2 Qxf2 30. Rd1 Bd5 31. Nc3 Qd4 32. Nxd5
exd5 33. Qb2 Qxb2+ 34. Kxb2 Bxe5+ 35. Kc2 Bxh2 36. Rh1 Be5 37. Rxh7 Ke7 38. Rh5
Kd6 39. Rh6+ f6 40. Rg6 Ra8 41. Kb1 Kc5 42. Rg4 d4 43. Kb2 Kb6 44. Re4 Rg8 45.
g4 Kc5 46. a3 Kd5 47. Kc2 Rc8+ 48. Kb2 Rh8 49. Re2 Rh3 50. Rg2 Rxd3 51. g5 fxg5
52. Rxg5 Rg3 53. Rh5 d3+ 54. Kc1 Ke4 55. b4 Bf4+ 56. Kb2 d2 57. Rh1 Kf3 58. b5
Be3 0-1

[Event "40. Turnaj sachovych nadeji - Pobeskydi Open"]
[Site "ND Frydek-Mistek, Czech Republic"]
[Date "2019.04.19"]
[Round "4"]
[White "Bensadi, Lotfi"]
[Black "Mica, Marek"]
[Result "0-1"]
[WhiteElo "2036"]
[BlackElo "2139"]
[PlyCount "0"]
[EventDate "2019.04.18"]

1. e4 e6 2. d4 d5 3. exd5 exd5 4. Bd3 Bd6 5. Nf3 Ne7 6. O-O Nbc6 7. c3 O-O 8.
Re1 Bf5 9. Bg5 f6 10. Bh4 Qd7 11. Bg3 Bxg3 12. hxg3 Rae8 13. Qc2 Bxd3 14. Qxd3
Nf5 15. Nbd2 Nd6 16. Rac1 Rf7 17. Rxe8+ Qxe8 18. Re1 Re7 19. Rxe7 Qxe7 20. Kf1
Qe6 21. b3 Ne7 22. Qe2 Qd7 23. Ne1 g6 24. Nd3 b6 25. Nf4 Kf7 26. g4 Nb5 27. Qf3
Qc6 28. Nb1 a5 29. Qe3 Qd7 30. Qh3 Kg7 31. g5 Qxh3 32. gxf6+ Kxf6 33. Nxh3 Kf5
34. f3 h5 35. Kf2 g5 36. a4 Nd6 37. Nd2 Ng6 38. Nf1 Ne7 39. Ne3+ Kf6 40. Ng1
Ndf5 41. Ne2 Nxe3 42. Kxe3 Nf5+ 43. Kf2 Nd6 44. Nc1 Kf5 45. b4 Nc4 46. Nb3 Kf4
47. bxa5 Nxa5 48. Nc1 Nc4 49. Nd3+ Kf5 50. Ke2 Ke6 51. f4 g4 52. Kf2 Nd6 53.
Ke3 Ne4 54. Nb4 Nxc3 55. Kd3 Nxa4 56. f5+ Kxf5 57. Nxd5 c6 58. Ne7+ Kf4 59.
Nxc6 Kg3 60. Ne5 h4 61. Ke2 Nc3+ 62. Kd3 h3 63. gxh3 gxh3 64. Kxc3 h2 65. Kc4
h1=Q 0-1

[Event "40. Turnaj sachovych nadeji - Pobeskydi Open"]
[Site "ND Frydek-Mistek, Czech Republic"]
[Date "2019.04.19"]
[Round "4"]
[White "Babula, Vlastimil"]
[Black "Trybus, Daniel"]
[Result "1/2-1/2"]
[WhiteElo "2074"]
[BlackElo "1998"]
[PlyCount "0"]
[EventDate "2019.04.18"]

1. e4 c5 2. Nf3 Nf6 3. Nc3 d5 4. e5 Nfd7 5. b4 d4 6. Ne4 cxb4 7. Bb2 Nxe5 8.
Bb5+ Bd7 9. Bxd7+ Qxd7 10. Nxe5 Qf5 11. Qg4 Qxg4 12. Nxg4 f5 13. Ne5 fxe4 14.
Bxd4 Nc6 15. Nxc6 bxc6 16. Ke2 e6 17. Ke3 Bd6 18. Bxg7 Rg8 19. Bf6 Rxg2 20.
Rag1 Bc5+ 21. Kxe4 Rxf2 22. Rg8+ Bf8 23. Bd4 Rf5 24. Rh8 c5 25. Be5 Rd8 26. d4
h6 27. dxc5 Rd2 28. Bd6 Rxc2 29. Rg1 Rc4+ 30. Kd3 Rc3+ 31. Ke4 Rc4+ 1/2-1/2

[Event "40. Turnaj sachovych nadeji - Pobeskydi Open"]
[Site "ND Frydek-Mistek, Czech Republic"]
[Date "2019.04.19"]
[Round "4"]
[White "Mikesch, Dalibor"]
[Black "Kolasin, Jan"]
[Result "0-1"]
[WhiteElo "1673"]
[BlackElo "2036"]
[PlyCount "0"]
[EventDate "2019.04.18"]

1. e4 e6 2. d4 d5 3. exd5 exd5 4. Bd3 Bd6 5. Nf3 Bg4 6. O-O Ne7 7. Nbd2 Nbc6 8.
c3 Qd7 9. Qc2 O-O-O 10. b4 Bf5 11. a4 Bxd3 12. Qxd3 Qf5 13. Qe2 Ng6 14. Nb3
Rhe8 15. Qb2 Nf4 16. Bxf4 Qxf4 17. b5 Nb8 18. a5 g5 19. Rfe1 g4 20. Ne5 Bxe5
21. Rxe5 Rxe5 22. dxe5 Qxe5 23. b6 cxb6 24. axb6 a6 25. Nd4 Rd6 26. Qb4 Nd7 27.
Nf5 Re6 28. Ne3 f5 29. Rd1 f4 30. Rxd5 Qxd5 0-1

[Event "40. Turnaj sachovych nadeji - Pobeskydi Open"]
[Site "ND Frydek-Mistek, Czech Republic"]
[Date "2019.04.19"]
[Round "4"]
[White "Mrazik, Tomas"]
[Black "Nisztuk, Michal"]
[Result "1-0"]
[WhiteElo "1991"]
[BlackElo "1633"]
[PlyCount "0"]
[EventDate "2019.04.18"]

1. e4 e5 2. Nf3 Nc6 3. Bb5 Nf6 4. O-O Nxe4 5. d4 Nd6 6. Bxc6 dxc6 7. dxe5 Nf5
8. Qxd8+ Kxd8 9. Bg5+ Ke8 10. h3 Bc5 11. Nbd2 Nd4 12. c3 Ne2+ 13. Kh2 Bf5 14.
Nb3 Bb6 15. Rad1 h6 16. Be3 g5 17. g3 Be4 18. Nfd2 Bc2 19. Rde1 Bd3 20. Rh1
Bxe3 21. fxe3 a5 22. Nc5 Nxg3 23. Kxg3 Bg6 24. h4 Rd8 25. Re2 Bh5 26. Rf2 g4
27. Nde4 Bg6 28. Nf6+ Ke7 29. Nxb7 Rd3 30. Re1 a4 31. h5 Bh7 32. Nc5 Rdd8 33.
Ref1 Ra8 34. Rd1 Rad8 35. Rxd8 Kxd8 36. Rd2+ Kc8 37. Nxh7 Rxh7 38. Rd7 Rg7 39.
e6 1-0

[Event "40. Turnaj sachovych nadeji - Pobeskydi Open"]
[Site "ND Frydek-Mistek, Czech Republic"]
[Date "2019.04.20"]
[Round "5"]
[White "Stalmach, Richard"]
[Black "Burdalev, Kirill"]
[Result "1-0"]
[WhiteElo "1991"]
[BlackElo "2389"]
[PlyCount "0"]
[EventDate "2019.04.18"]

1. d4 Nf6 2. c4 c5 3. d5 e6 4. f3 exd5 5. cxd5 g6 6. e4 d6 7. Ne2 Bg7 8. Nec3
O-O 9. Bg5 h6 10. Be3 Nh7 11. Be2 f5 12. Qd2 Na6 13. O-O Ng5 14. a4 Re8 15. Na3
Nb4 16. Bb5 Rf8 17. Kh1 Qf6 18. e5 Qd8 19. exd6 b6 20. Bc6 Rb8 21. Rae1 Nf7 22.
Nc4 g5 23. a5 Nxd6 24. Nxd6 Qxd6 25. Nb5 Qg6 26. Nxa7 f4 27. Bg1 Ba6 28. Re6
Qf7 29. Rfe1 Nd3 30. Re7 Qf6 31. R1e6 Qxb2 32. Qxb2 Bxb2 33. Rg6+ Kh8 34. Rxh6+
Kg8 35. Bd7 Rf7 36. Be6 Kg7 37. Rxf7+ Kxh6 38. Bf5 Bg7 39. Nc6 Re8 40. axb6 c4
41. b7 Bxb7 42. Rxb7 Re1 43. h3 Nc1 44. Nd4 g4 45. Rb6+ Bf6 46. Rxf6+ Kg7 47.
Rg6+ Kf7 48. Re6 Rf1 49. Bg6+ Kf8 50. Nf5 1-0

[Event "40. Turnaj sachovych nadeji - Pobeskydi Open"]
[Site "ND Frydek-Mistek, Czech Republic"]
[Date "2019.04.20"]
[Round "5"]
[White "Havelka, Ondrej"]
[Black "Petran, Peter"]
[Result "1-0"]
[WhiteElo "2156"]
[BlackElo "2242"]
[PlyCount "0"]
[EventDate "2019.04.18"]

1. d4 g6 2. c4 Bg7 3. Nc3 d6 4. e4 Nc6 5. d5 Nb8 6. Bg5 c6 7. Qd2 a6 8. Nf3 Bg4
9. Nd4 Qa5 10. f4 cxd5 11. exd5 Qb6 12. Nb3 a5 13. h3 Bd7 14. Bh4 a4 15. Bf2
Qd8 16. Nd4 Nf6 17. Bd3 Na6 18. O-O Nc5 19. Bc2 O-O 20. b4 axb3 21. axb3 Na6
22. Rae1 Re8 23. f5 Nc5 24. g4 Bc8 25. b4 Na6 26. fxg6 hxg6 27. g5 Nh7 28. Ne6
fxe6 29. Bxg6 Rf8 30. dxe6 Nxb4 31. Qe2 Nxg5 32. Qh5 Ra5 33. Nb5 Rf6 34. Qxg5
Bxe6 35. Rxe6 Rxe6 36. Bf7+ Kxf7 37. Bb6+ Rf6 38. Bxd8 Rxf1+ 39. Kxf1 Ra1+ 40.
Ke2 Ra2+ 41. Kf3 Nc6 42. Bb6 Ne5+ 43. Kg3 Ra4 44. Qf5+ Bf6 45. Qh5+ Kg7 46. c5
Rb4 47. Nc7 Rb3+ 48. Kg2 Rb2+ 49. Kf1 Rb1+ 50. Ke2 Rb2+ 51. Kd1 dxc5 52. Bxc5
Rb3 53. Bxe7 Bxe7 54. Qxe5+ Bf6 55. Ne8+ 1-0

[Event "40. Turnaj sachovych nadeji - Pobeskydi Open"]
[Site "ND Frydek-Mistek, Czech Republic"]
[Date "2019.04.20"]
[Round "5"]
[White "Walek, Petr"]
[Black "Laurincova, Kristyna"]
[Result "1-0"]
[WhiteElo "2241"]
[BlackElo "2014"]
[PlyCount "0"]
[EventDate "2019.04.18"]

1. e4 c5 2. Nf3 Nc6 3. d4 cxd4 4. Nxd4 g6 5. Nc3 Bg7 6. Be3 Nf6 7. Bc4 O-O 8.
Bb3 a6 9. f3 Ne5 10. Qd2 b5 11. O-O-O Bb7 12. g4 e6 13. Bf4 Nexg4 14. fxg4 b4
15. Na4 Nxe4 16. Qxb4 Nf2 17. Qxb7 Nxh1 18. Be3 Nf2 19. Bxf2 Qg5+ 20. Kb1 d5
21. Qb4 Qxg4 22. Qe1 Rac8 23. Qe2 Qh3 24. Bg3 h5 25. Nb6 Bxd4 26. Nxc8 Bc5 27.
Nd6 h4 28. Nb7 hxg3 29. Nxc5 gxh2 30. Rh1 Qg3 31. Qxh2 Qxh2 32. Rxh2 a5 33. Kc1
Rc8 34. Nb7 Ra8 35. a4 Kg7 36. Rf2 g5 37. Nd6 f5 38. Nxf5+ exf5 39. Rxf5 Kg6
40. Rxd5 Kh5 41. c3 Kh4 42. Rd4+ Kh5 43. Bd1+ Kg6 44. b4 1-0

[Event "40. Turnaj sachovych nadeji - Pobeskydi Open"]
[Site "ND Frydek-Mistek, Czech Republic"]
[Date "2019.04.20"]
[Round "5"]
[White "Bakalarz, Mietek"]
[Black "Kratochvil, Vit"]
[Result "1-0"]
[WhiteElo "2268"]
[BlackElo "2228"]
[PlyCount "0"]
[EventDate "2019.04.18"]

1. e4 c5 2. c3 d6 3. d4 Qc7 4. Bd3 Nf6 5. d5 c4 6. Bc2 e6 7. Bg5 Be7 8. dxe6
Bxe6 9. Nf3 Qb6 10. b3 Nc6 11. O-O Bg4 12. h3 Bh5 13. Nbd2 cxb3 14. axb3 Qc5
15. g4 Bg6 16. Nc4 Rd8 17. Qe2 O-O 18. b4 Nxb4 19. cxb4 Qc8 20. Rxa7 d5 21. e5
Qxc4 22. Qxc4 dxc4 23. Bxg6 fxg6 24. Rxb7 Rd3 25. exf6 Bxf6 26. Bxf6 gxf6 27.
Kg2 Rc8 28. Ra1 c3 29. Raa7 c2 30. Rg7+ Kf8 31. Rxh7 Kg8 32. Rag7+ Kf8 33. Rh8+
Kxg7 34. Rxc8 Rb3 35. Rxc2 Rxb4 36. Rc7+ 1-0

[Event "40. Turnaj sachovych nadeji - Pobeskydi Open"]
[Site "ND Frydek-Mistek, Czech Republic"]
[Date "2019.04.20"]
[Round "5"]
[White "Adamczewski, Maciej"]
[Black "Vojta, Jakub"]
[Result "0-1"]
[WhiteElo "2086"]
[BlackElo "2094"]
[PlyCount "0"]
[EventDate "2019.04.18"]

1. d4 d5 2. c4 Nc6 3. Nf3 Bg4 4. Nc3 e6 5. cxd5 exd5 6. Bg5 Be7 7. Bxe7 Ngxe7
8. e3 O-O 9. a3 f5 10. Be2 f4 11. Nh4 Bxe2 12. Qxe2 Qd7 13. O-O-O Rae8 14. Rhe1
Na5 15. Nf3 Ng6 16. Qb5 Qxb5 17. Nxb5 fxe3 18. fxe3 Nc4 19. Rd3 c6 20. Nc3 Nd6
21. Rd2 Rf7 22. Rde2 Rfe7 23. Kc2 Nc4 24. Kd3 Rxe3+ 25. Rxe3 Nf4+ 26. Kc2 Rxe3
27. Nd1 Nxg2 28. Rxe3 Ngxe3+ 29. Nxe3 Nxe3+ 30. Kc3 Kf7 31. b4 Nc4 32. a4 Kf6
33. b5 cxb5 34. axb5 Kf5 35. Ne1 Ke4 36. Nd3 b6 37. Nf2+ Ke3 38. Ng4+ Kf4 39.
Nf2 Nd6 40. Nh3+ Ke3 41. Ng5 Ne4+ 42. Nxe4 Kxe4 0-1

[Event "40. Turnaj sachovych nadeji - Pobeskydi Open"]
[Site "ND Frydek-Mistek, Czech Republic"]
[Date "2019.04.20"]
[Round "5"]
[White "Matras, Ondrej"]
[Black "Kolasin, Jan"]
[Result "1-0"]
[WhiteElo "2221"]
[BlackElo "2036"]
[PlyCount "0"]
[EventDate "2019.04.18"]

1. d4 Nf6 2. c4 g6 3. f3 Bg7 4. e4 d6 5. Nc3 O-O 6. Be3 e5 7. d5 Nbd7 8. Bd3 a5
9. Qd2 b6 10. Nge2 Nc5 11. Bc2 Ne8 12. g4 f5 13. gxf5 gxf5 14. Bg5 Bf6 15. Rg1
Ng7 16. exf5 Bxg5 17. Rxg5 Bxf5 18. Ne4 Bg6 19. O-O-O Rxf3 20. Nxc5 bxc5 21.
Bxg6 hxg6 22. Rxg6 Qh4 23. Rdg1 Rf7 24. R1g4 Qh7 25. Qg5 Kf8 26. Rh4 Rf1+ 27.
Kd2 Qg8 28. Rgh6 Rf5 29. Qg6 1-0

[Event "40. Turnaj sachovych nadeji - Pobeskydi Open"]
[Site "ND Frydek-Mistek, Czech Republic"]
[Date "2019.04.20"]
[Round "5"]
[White "Kurek, Pavel"]
[Black "Horak, Jan"]
[Result "0-1"]
[WhiteElo "1665"]
[BlackElo "2158"]
[PlyCount "0"]
[EventDate "2019.04.18"]

1. e4 c5 2. Nf3 e6 3. d4 cxd4 4. Nxd4 Nc6 5. Nc3 d6 6. Be3 Nf6 7. Be2 Be7 8.
O-O O-O 9. Qd2 a6 10. f4 Qc7 11. f5 Ne5 12. Rad1 b5 13. a3 Rd8 14. h4 Neg4 15.
Bg5 d5 16. Bxg4 Nxg4 17. Qf4 Qxf4 18. Rxf4 Bxg5 19. Rxg4 Be3+ 20. Kf1 Bxd4 21.
Rxd4 exf5 22. exf5 Bxf5 23. Rg5 Be6 24. Kf2 f6 25. Rg3 Rd7 26. Rgd3 Rad8 27. g4
h5 28. gxh5 Kh7 29. Ne2 Rc8 30. c3 Rc4 31. Nf4 Rxd4 32. Rxd4 Bf7 33. Kf3 Kh6
34. Kg4 Re7 35. Nxd5 Re2 36. Nc7 Rxb2 37. Nxa6 Rb3 38. Nc7 Bxh5+ 39. Kf4 Be2
40. a4 bxa4 41. Rxa4 Rxc3 42. Ne6 Rf3+ 43. Ke4 Rh3 44. Kf5 Re3 45. Nd4 Bd3+ 46.
Kf4 Re4+ 47. Kg3 g6 48. Kh3 f5 49. Rb4 Re3+ 50. Kh2 Kh5 51. Rb6 Re4 52. Nf3 Be2
53. Ng1 Rxh4+ 54. Kg2 Bg4 55. Rb8 Kg5 56. Kg3 Rh7 57. Rb3 Ra7 58. Nf3+ Bxf3 59.
Rxf3 Ra5 60. Kh3 Kh5 61. Rb3 g5 62. Rb8 Ra3+ 63. Kg2 Kg4 64. Rb4+ f4 65. Kf2
Ra2+ 66. Kg1 Kg3 67. Kf1 f3 68. Rb1 Rh2 0-1